2020 NFL Draft 1st Round Picks - Statistics

General Stats
  • This quiz has been taken 331 times
  • The average score is 22 of 32
Answer Stats
Teams Pos Players % Correct
Cincinnati Bengals QB Joe Burrow
100%
Los Angeles Chargers QB Justin Herbert
99%
Miami Dolphins QB Tua Tagovailoa
99%
Washington Redskins DE Chase Young
97%
Dallas Cowboys WR CeeDee Lamb
92%
Denver Broncos WR Jerry Jeudy
91%
Minnesota Vikings WR Justin Jefferson
91%
Green Bay Packers QB Jordan Love
90%
Las Vegas Raiders WR Henry Ruggs
89%
Detroit Lions CB Jeff Okudah
87%
New York Giants OT Andrew Thomas
81%
Kansas City Chiefs RB Clyde Edwards-Helaire
81%
San Francisco 49ers WR Brandon Aiyuk
80%
Philadelphia Eagles WR Jalen Reagor
80%
Tampa Bay Buccaneers OT Tristan Wirfs
78%
Arizona Cardinals LB Isaiah Simmons
75%
Atlanta Falcons CB A.J. Terrell
73%
Carolina Panthers DT Derrick Brown
73%
New York Jets OT Mekhi Becton
62%
Baltimore Ravens LB Patrick Queen
61%
Cleveland Browns OT Jedrick Wills
58%
Jacksonville Jaguars CB C.J. Henderson
54%
New Orleans Saints C Cesar Ruiz
48%
Los Angeles Chargers ILB Kenneth Murray
46%
San Francisco 49ers DT Javon Kinlaw
45%
Las Vegas Raiders CB Damon Arnette
40%
Seattle Seahawks LB Jordyn Brooks
40%
Miami Dolphins OT Austin Jackson
39%
Minnesota Vikings CB Jeff Gladney
34%
Jacksonville Jaguars OLB K'Lavon Chaisson
33%
Miami Dolphins CB Noah Igbinoghene
30%
Tennessee Titans OT Isaiah Wilson
29%
No matching quizzes found
Score Distribution
Percent of People with Each Score
Percentile by Number Answered
Your Score History
You have not taken this quiz